000 01075nam a22003377a 4500
003 CHAP
005 20220329143353.0
008 090109s1970 us r 00010 eng d
010 _a95624
011 _a96596
020 _a0486612260
035 _a107250
040 _cCHAP
082 0 4 _a515.7
_bK83
100 1 _aKolmogorov, A.N.
_963667
245 1 0 _aIntroductory real analysis
_c/por A.N. Kolmogorov and S.V. Fomin ; edited bye Richard A. Silverman
260 _aNew York, US. :
_bDover,
_c1970
300 _axii, 403 p. :
_bilus.
590 _aBATCH-UPD
_b10
_c20130110
_lUCH01
_h0513
590 _aBATCH-UPD
_b10
_c20130110
_lUCH01
_h2346
590 _aBATCH-UPD
_b10
_c20130410
_lUCH01
_h0151
590 _aCONVERSION
_b10
_c20130109
_lUCH01
_h1353
650 0 4 _aAnalisis matematico.
_95988
650 0 4 _aEcuaciones.
_935304
650 0 4 _aFunciones.
_943959
700 1 _aFomin, S.V.
_942090
700 1 _aSilverman, Richard A.
_eed.
_9106092
901 _aBK
942 _cLIBRO
949 _a515.7 K83
_bBC
_cLIBRO
_d33724002065248
_eLIBRO
_gDonaciØn
_h110321
_i107250
_si
999 _c95624
_d95624